000 02184nam a2200205 a 4500
001 000022678
005 20240319112929.0
008 101014s1997 dr c 000 0bspa d
040 _aDO-SdBNP
_bspa
_cBNPHU
082 _a923.27293
_bJ41M
100 1 _aMartínez, Carlos T.,
_d1945-
_929205
245 1 0 _aCaonabo Javier :
_bperfil de un político /
_cCarlos T. Martínez.
260 _aSanto Domingo :
_bCatemar,
_c1997.
300 _a301 p. :
_bretr. ;
_c22 cm.
505 0 _tA modo de prólogo --
_tPresentación --
_tPerfiles de una vida ;
_tCaonabo Javier: su formación filosófica y religiosa ;
_tCaonabo Javier : el ingeniero y su constructor ;
_tEl estadista y administrador público ;
_tEntrevista con un banquero ;
_tFamiliares y amigos opinan en relación al fallecimiento de Caonabo Javier ;
_tDoña Carmen Peguero vuida Javier ;
_tAlejandro Javier Peguero ;
_tCarmen Isabel Javier Peguero ;
_tCaonabo Julio Javier Peguero ;
_tDr. Guido D︡Alessandro ;
_tVíctor Méndez Capellán ;
_tIng. Guillermo Caram ;
_tLic. Carlos Julio Michel ;
_tZolia Martínez de Medina ;
_tRommel de los Santos ;
_tLa odisea de un viaje rumbo a la muerte ;
_tApolianar Suárez ;
_gExpresiones de personalidades políticas a raíz de su muerte ;
_tDr. Leonel Fernández, Presidente de la República ,
_tTambién Balaguer ;
_tOtras personalidades ;
_tHatuey Decamps ;
_tDr. Ricardo Arias Calderón ;
_tPresidente de la Internacional Demócrata Cristiana ;
_tJuan Arístides Taveras Guzmán ;
_tManfred Huber, representante de la Konrad Adenauer ;
_tDr. José Ignacio Rasco, PDC cubano ;
_tPedro Pablo Aguilar, COPEI, Venezuela ;
_tWashington Peña --
_gLa prensa dominicana y la muerte de Javier Castillo --
_tUn auténtico valor ;
_tCaonabo Javier Castillo ;
_tCaonabo Javier Castillo "Caíto": In memorian ;
_tCaonabo Javier, a 30 días ;
_tCaonabo Javier fue gran ideológo de la democracia cristiana ;
_tLa dolorosa partida ;
_tCaonabo Javier Castillo ;
_tResponso por Caíto ;
_tLa meta que no logró alcanzar --
_tEl entre humano.
590 _aInventariado, 2020/BT
600 1 4 _aJAVIER CASTILLO, CAONABO,
_d1934-1996
_946629
651 4 _aRepública Dominicana
_vBIOGRAFÍAS
_91083
910 _aValidado. Control de calidad MMOLINA
999 _c22175
_d22175